| 000 | 00622aas a2200169 4500 | ||
|---|---|---|---|
| 999 |
_c50504 _d50504 |
||
| 001 | 768714001 | ||
| 003 | CO-MdFUSB | ||
| 005 | 20170923102747.0 | ||
| 008 | 170912s1994 cr ||||| |||| 00| 0 spa d | ||
| 040 |
_aCO-MdFUSB _bspa _cCO-MdFUSB _dCO-MdFUSB |
||
| 041 | _aspa | ||
| 100 | 1 |
_aJohnson, Roberto _eautor |
|
| 245 | 1 | 0 |
_aLas riquezas de mi mundo : _bla belleza de un mundo en prisión vista a través de los ojos de Cristo _c/ Johnson, Roberto |
| 300 |
_aVolumen 3. Número 4 (1994), página 60 _c: 28 cm. |
||
| 773 | 0 |
_tConquista Cristiana _049446 _960318 _gVolumen 3. Número 4 (1994), página 60 _qPágina 60. |
|
| 942 | _cANA | ||